Normal view
MARC view
Entry Personal Name
001 - CONTROL NUMBER
- control field: 74044
003 - CONTROL NUMBER IDENTIFIER
- control field: dpl
005 - DATE AND TIME OF LATEST TRANSACTION
- control field: 20241122143708.0
008 - FIXED-LENGTH DATA ELEMENTS
- fixed length control field: 241122|| aca||aabn | a|a d
040 ## - CATALOGING SOURCE
- Original cataloging agency: dpl
- Transcribing agency: dpl
100 ## - HEADING--PERSONAL NAME
- Personal name: S. Ramesh Kumar
670 ## - SOURCE DATA FOUND
- Source citation: Work cat.: (dpl)206772: S. Ramesh Kumar, Advertising, Brands and Consumer Behaviour:, 2024
